| 000 | 04089nam a22002297a 4500 | ||
|---|---|---|---|
| 005 | 20250408090120.0 | ||
| 008 | 241114b ||||| |||| 00| 0 eng d | ||
| 040 | _cAL | ||
| 041 | _aKannada | ||
| 082 |
_223 _aK894.1 _bANGC |
||
| 100 |
_aS S Angadi _9207817 |
||
| 100 |
_bಎಸ್ ಎಸ್ ಅಂಗಡಿ _9207818 |
||
| 245 |
_aChamarasana Sarala PrabhulingalIle: Arthaanugata vingadaneya Poornapata _bಚಾಮರಸನ ಸರಳ ಪ್ರಭುಲಿಂಗಲೀಲೆ: ಅರ್ಥಾನುಗತ ವಿಂಗಡಣೆಯ ಪೂರ್ಣಪಾಠ |
||
| 260 |
_aBengaluru ಬೆಂಗಳೂರು _bPriyadarshini Prakashana ಪ್ರಿಯದರ್ಶಿನಿ ಪ್ರಕಾಶನ _c2022 |
||
| 300 |
_axii,440 p. _bHB _c22x14 cm. |
||
| 365 |
_aBLCR-045 _b₹280.00 _c₹ _d₹350.00 _e20% _f11-11-2024 |
||
| 520 | _aದಾರ್ಶನಿಕ ಕವಿ ಚಾಮರಸನ 'ಪ್ರಭುಲಿಂಗಲೀಲೆ'ಯು ಕನ್ನಡದ ಸಂದರ್ಭದಲ್ಲಿ ಅಲ್ಲಮಪ್ರಭುವಿನ ಚರಿತ್ರೆಯನ್ನು ತಿಳಿಸುವ ಅಧಿಕೃತ ಸಾಂಸ್ಕೃತಿಕ ಪಠ್ಯವಾಗಿದೆ. ಅದು ಹಲವು ವಿದ್ಯಾಸಂಸ್ಥೆಗಳಲ್ಲಿ ಓದಿನ ಭಾಗವಾಗಿ ಪಠ್ಯವಾಗಿದೆಯಲ್ಲದೆ, ವೀರಶೈವ ಮಠಗಳಲ್ಲಿ ಪಠಣ ಗ್ರಂಥವಾಗಿದೆ ಎಂಬುದು ಗಮನಾರ್ಹ. ಒಂದು ಮಾತು ಹೇಳಲೇಬೇಕಾಗಿದೆ. ಪ್ರಭುಲಿಂಗಲೀಲೆ ವೀರಶೈವಧರ್ಮದ ಆತ್ಮಗೌರವವನ್ನು ಎತ್ತಿ ಹಿಡಿಯುವ ಮಹತ್ವದ ಆಧಾರಭೂತ ಗ್ರಂಥವಾಗಿದೆ. ಅಲ್ಲದೆ ವೀರಶೈವ ಧರ್ಮದ ಪಠ್ಯಪುಸ್ತಕವೂ ಕೈಪಿಡಿಯೂ ಆಗಿದೆ. ವಿದ್ವಾಂಸರು, ಆಸಕ್ತರು, ಸಾಮಾನ್ಯರೂ ಸೇರಿದಂತೆ ಪ್ರಭುಲಿಂಗಲೀಲೆಯ ವ್ಯಾಸಂಗದ ಕಡೆಗೆ ಓದುಗರನ್ನು ಸಜ್ಜುಗೊಳಿಸಬೇಕಾದರೆ ಹಾಗೂ ಅವರ ಅರಿವಿನ ಎಲ್ಲೆಯನ್ನು ವಿಸ್ತರಿಸಬೇಕಾದರೆ ಮುದ್ರಿತ ಪಾಠದಲ್ಲಿಯ ಕೊರತೆಗಳನ್ನು ಸರಿಪಡಿಸಿ ಮೂಲಲಯಕ್ಕೆ ಧಕ್ಕೆಯಾಗದಂತೆ ಸಂವಹನ ಪಾತಳಿಯ ನೆಲೆಯಲ್ಲಿ ಪ್ರಭುಲಿಂಗಲೀಲೆಯನ್ನು ಅರ್ಥಾನುಗತವಾಗಿ ವಿಂಗಡಿಸಿ, ಉಚಿತಕ್ಕೆ ತಕ್ಕಂತೆ ಟಿಪ್ಪಣಿಗಳನ್ನು ಸಿದ್ಧಪಡಿಸಿದ ಸರಳ ಆವೃತ್ತಿಯು ತುಂಬ ಅಗತ್ಯವಾಗಿದೆ. ಅಷ್ಟೇ ಅಲ್ಲದೆ ಪ್ರಭುಲಿಂಗಲೀಲೆಯ ಮೂಲಪಾಠದ ಅಧ್ಯಯನಕ್ಕೆ ಸರಳ ಆವೃತ್ತಿಯು ಪ್ರೇರಣೆ ಕೊಡುತ್ತದೆ. ಇದರಿಂದ ವೀರಶೈವ ಸಾಹಿತ್ಯವೂ ಒಳಗೊಂಡಂತೆ ಕನ್ನಡ ಸಾಹಿತ್ಯ ಪರಂಪರೆಯನ್ನು ಬಿಡದೆ ಗೌರವಿಸುತ್ತ, ವಿಮರ್ಶಿಸುತ್ತ ಹೊಸತನವನ್ನು ಅಳವಡಿಸಿ ಹಳಗನ್ನಡ ಪಠ್ಯಗಳು ಪುನರ್ಸೃಷ್ಟಿಯಾಗಬೇಕಾಗಿವೆ. ಇದರಿಂದ ಗ್ರಂಥಸಂಪಾದನೆಯನ್ನು ಕೂಡ ವೈಚಾರಿಕ ಹಾಗೂ ಸೃಜನಶೀಲ ಮಾದರಿಯನ್ನಾಗಿ ರೂಪಿಸಬೇಕಾಗಿದೆ. ಈ ನಿಟ್ಟಿನಲ್ಲಿ ಡಾ. ಎಸ್.ಎಸ್. ಅಂಗಡಿ ಅವರ 'ಸರಳ ಪ್ರಭುಲಿಂಗಲೀಲೆ' ಒಂದು ಗಮನಾರ್ಹ ಕೃತಿಯಾಗಿದೆ. | ||
| 650 |
_aBook in Kannada on Ancient Literature _9185345 |
||
| 650 |
_aPrabhulinga ಪ್ರಭುಲಿಂಗ _9185353 |
||
| 700 |
_aANGADI (S S) _9185354 |
||
| 942 |
_2ddc _cBK |
||
| 999 |
_c231917 _d231917 |
||